Answers that are Black - Statistics

General Stats
  • This quiz has been taken 40 times
  • The average score is 12 of 20
Answer Stats
Hint Answer % Correct
3) Sea between Ukraine and Turkey Black Sea
100%
6) What is thought to be at the center ofthe Milky Way Black Hole
97%
1) Venomous spider, also an Avenger played by Scarlett Johannson Black Widow
97%
19) Card game where one has to get to 21 Blackjack
92%
4) Aka the Bubonic Plague Black Death
86%
10) Be wary of this while driving on frozenroads after it rains/snows Black Ice
78%
12) Very formal dress wear events Black Tie
78%
13) Pop group with Will.I.Am and Fergie Black Eyed Peas
76%
15) Wooded area in Germany and thenamesake for a type of ham Black Forest
76%
7) Joan Jett and the Blackhearts
65%
20) Area of South Dakota where Mt Rushmoreis located Black Hills
54%
9) Hit song by Ram Jam Black Betty
51%
16) Skiing down these slopes are for experienced riders only Black Diamond
46%
18) NHL team of Chicago Blackhawks
46%
11) Scandal of the White Sox in 1919 Black Sox
43%
17) Native tribe of the Great Plains areaand Alberta Blackfoot
32%
14) Hometown of Virginia Tech Blacksburg
22%
2) US Army team name Black Knights
19%
8) 1997 hit song by Kenny Wayne Shepherd Blue on Black
14%
5) Metallica song debuted in 1996 Fade to Black
8%
No matching quizzes found
Score Distribution
Percent of People with Each Score
Percentile by Number Answered
Your Score History
You have not taken this quiz